Statistics for Prince Lyrics Quiz

Click here to take the quiz!

General Stats

  • This quiz has been taken 145 times
  • The average score is 9 of 17

Answer Stats

HintAnswer% Correct
Dearly beloved, we are gathered here today to get through this thing called life.Let's Go Crazy
94%
I guess I should've known by the way you parked your car sideways that it wouldn't last.Little Red Corvette
86%
I was working part time in a five and dime. My boss was Mister McGee.Raspberry Beret
79%
Dig if you will, a picture, of you and I engaged in a kissWhen Doves Cry
79%
It's been seven hours and fifteen days, since you took your love away.Nothing Compares 2 U
75%
I was dreaming when I wrote this, forgive me if it goes astray1999
71%
Am I black or white, am I straight or gay?Controversy
68%
Act your age, not your shoe sizeKiss
66%
Every time I comb my hair, thoughts of you get in my eyes.Erotic City
50%
Six O'clock already, I was just in the middle of a dream. I was kissin' Valentino by a crystal blue Italian stream.Manic Monday
47%
Butterscotch clouds, a tangerine, and a side order of hamStarfish and Coffee
45%
Let's fall in love, get married, have a baby. We'll call him Nate.Sign of the Times
42%
Until the end of time, I'll B there 4 UAdore
31%
Ask them where there going, they'll tell you nowhere. They've taken a lifetime lease on...Paisley Park
29%
Let's groove, September, Earth Wind and Fire, Hot Pants by James, Sly's gonna take you higherMusicology
22%
Grits and gravy,cheese eggs and jamBreakfast Can Wait
15%
You are fine, you are white, I am of color, let's fall in love.Ice Cream Castles
4%

Score Distribution

Percentile by Number Answered

Percent of People with Each Score

Your Score History

You have not taken this quiz